| 000 | 00465nam a22001817a 4500 | ||
|---|---|---|---|
| 003 | MPLRDC | ||
| 005 | 20220104163650.0 | ||
| 008 | 210129b ||||| |||| 00| 0 eng d | ||
| 020 | _a0-582-53438-0 | ||
| 082 | _a859.6 HEA | ||
| 100 | _aBRIAN HEATON AND MICHAEL WEST | ||
| 245 |
_aSTORIES FROM ANCIENT CHINA _c |
||
| 250 | _a第十九版 | ||
| 260 |
_a _bLONGMAN GROUP UK LTD _c1987 |
||
| 300 | _b平 | ||
| 650 | _aCHILDREN LITERATURE | ||
| 942 |
_cBK _o859.6 HEA |
||
| 999 |
_c56576 _d56566 |
||